000 00605nam a2200205 a 4500
005 20140412111340.0
008 031016s19uu xx 00 eng d
020 _a981-209-843-7
050 _aTR(PS E
_bBu85Pl v.9
050 _aER
_bBu85Pl
245 _aBubbles plays with fire #9 :
_b(ages 2-6 years old).
260 _aSingapore :
_bEarly Childhood Publications (International) Pte. Ltd,
_c[n.d.]
300 _a[22] p. ; ill.
440 _aBubble's First Storybooks
650 _aFire--Fiction
650 _aMonkeys--Fiction
650 _aChildren stories
999 _c105109
_d105109